[Event "Bad Wiessee Senioren Cup 8th"]
[Site "Bad Wiessee"]
[Date "2019.05.18"]
[Round "8"]
[White "Lubberich, Alfred"]
[Black "Wawrinsky, Ludwig"]
[Result "0-1"]
[WhiteElo "1816"]
[BlackElo "1676"]
[PlyCount "90"]
[EventDate "2019.05.11"]
[EventType "swiss"]
[EventRounds "9"]
[EventCountry "GER"]
[SourceTitle "EXT 2020"]
[Source "ChessBase"]
[SourceDate "2019.10.17"]
[SourceVersion "1"]
[SourceVersionDate "2019.10.17"]
[SourceQuality "1"]

1. Nf3 Nf6 2. d4 e6 3. c4 b6 4. Nc3 Bb4 5. Bd2 Bb7 6. g3 a5 7. Bg2 Bxc3 8. Bxc3 Ne4 9. Qc2 Nxc3 10. Qxc3 0-0 11. 0-0 d6 12. Rfe1 Nd7 13. e4 f6 14. a3 e5 15. Rad1 Qe7 16. Nh4 g6 17. d5 a4 18. Qc1 Nc5 19. Bh3 Bc8 20. Bxc8 Raxc8 21. Ng2 Qg7 22. f3 f5 23. exf5 Rxf5 24. f4 e4 25. Re2 Re8 26. Qc2 Rff8 27. Ne3 h5 28. Qc3 Qd7 29. Rf1 Qh3 30. Qc2 Rf7 31. Ng2 g5 32. fxg5 Rxf1+ 33. Kxf1 Qxh2 34. Nf4 Qh1+ 35. Kf2 Qf3+ 36. Kg1 Qxg3+ 37. Ng2 Re5 38. Re3 Qxg5 39. Qf2 Qg7 40. Kh2 Rg5 41. Nf4 Kh7 42. Qh4 Qxb2+ 43. Kh3 Qe5 44. Ne6 Nxe6 45. dxe6 Qxe6+ 0-1

[Event "Bad Wiessee Senioren Cup 8th"]
[Site "Bad Wiessee"]
[Date "2019.05.13"]
[Round "3"]
[White "Wraga, Teresa"]
[Black "Lubberich, Alfred"]
[Result "1/2-1/2"]
[WhiteElo "1644"]
[BlackElo "1816"]
[PlyCount "37"]
[EventDate "2019.05.11"]
[EventType "swiss"]
[EventRounds "9"]
[EventCountry "GER"]
[SourceTitle "EXT 2020"]
[Source "ChessBase"]
[SourceDate "2019.10.17"]
[SourceVersion "1"]
[SourceVersionDate "2019.10.17"]
[SourceQuality "1"]

1. e4 c5 2. Nc3 Nc6 3. g3 d6 4. Bg2 g6 5. d3 Bg7 6. f4 Bd7 7. Nf3 Nf6 8. 0-0 0-0 9. h3 Rb8 10. Be3 h5 11. Kh2 b6 12. Rb1 e6 13. d4 cxd4 14. Nxd4 e5 15. Nxc6 Bxc6 16. fxe5 dxe5 17. Qxd8 Rbxd8 18. Rbd1 Rd7 19. Rxd7 1/2-1/2

[Event "Bad Woerishofen Seniors op 32nd"]
[Site "Bad Woerishofen"]
[Date "2016.02.28"]
[Round "3"]
[White "Hahn, Volker"]
[Black "Lubberich, Alfred"]
[Result "1/2-1/2"]
[WhiteElo "1679"]
[BlackElo "1848"]
[PlyCount "30"]
[EventDate "2016.02.26"]
[EventType "swiss"]
[EventRounds "9"]
[EventCountry "GER"]
[SourceTitle "EXT 2019"]
[Source "ChessBase"]
[SourceDate "2018.10.10"]
[SourceVersion "1"]
[SourceVersionDate "2018.10.10"]
[SourceQuality "1"]

1. d4 d5 2. Nf3 Nf6 3. c4 e6 4. Nc3 c6 5. Bg5 Nbd7 6. cxd5 cxd5 7. e3 Be7 8. Bd3 h6 9. Bf4 a6 10. Rc1 0-0 11. h3 b5 12. 0-0 Bb7 13. Ne5 Rc8 14. a3 Nxe5 15. Bxe5 Bd6 1/2-1/2

[Event "Bad Woerishofen Seniors op 32nd"]
[Site "Bad Woerishofen"]
[Date "2016.02.27"]
[Round "2"]
[White "Lubberich, Alfred"]
[Black "Samarian, Cornel"]
[Result "1/2-1/2"]
[WhiteElo "1848"]
[BlackElo "1693"]
[PlyCount "30"]
[EventDate "2016.02.26"]
[EventType "swiss"]
[EventRounds "9"]
[EventCountry "GER"]
[SourceTitle "EXT 2019"]
[Source "ChessBase"]
[SourceDate "2018.10.10"]
[SourceVersion "1"]
[SourceVersionDate "2018.10.10"]
[SourceQuality "1"]

1. Nf3 Nf6 2. b3 g6 3. Bb2 Bg7 4. e3 0-0 5. c4 d6 6. d4 c5 7. Bd3 Nc6 8. a3 cxd4 9. exd4 d5 10. 0-0 e6 11. Nbd2 Bd7 12. Ne5 Nxe5 13. dxe5 Ne8 14. Nf3 dxc4 15. Bxc4 b5 1/2-1/2

[Event "Bayern-ch Seniors op 27th"]
[Site "Bergen"]
[Date "2015.06.15"]
[Round "6"]
[White "Lubberich, Alfred"]
[Black "Neubauer, Jaroslaus"]
[Result "1/2-1/2"]
[WhiteElo "1616"]
[BlackElo "1858"]
[PlyCount "80"]
[EventDate "2015.06.15"]
[EventType "swiss"]
[EventRounds "9"]
[EventCountry "GER"]
[SourceTitle "EXT 2019"]
[Source "ChessBase"]
[SourceDate "2018.10.10"]
[SourceVersion "1"]
[SourceVersionDate "2018.10.10"]
[SourceQuality "1"]

1. Nf3 Nf6 2. b3 e6 3. Bb2 d5 4. e3 Be7 5. c4 Nbd7 6. Be2 0-0 7. d4 b6 8. Nc3 Bb7 9. Rc1 c5 10. cxd5 Nxd5 11. a3 Nxc3 12. Rxc3 Bf6 13. Rc2 Rc8 14. Rd2 Bxf3 15. Bxf3 c4 16. bxc4 Rxc4 17. Qb3 Rc7 18. 0-0 h6 19. Rc1 Rxc1+ 20. Bxc1 Be7 21. Bb2 Qb8 22. d5 Nc5 23. Qd1 Rd8 24. dxe6 Nxe6 25. Rxd8+ Qxd8 26. Qxd8+ Bxd8 27. Bd4 Nxd4 28. exd4 b5 29. Bc6 a6 30. Bb7 a5 31. Ba6 b4 32. axb4 axb4 33. Bc4 Kf8 34. Kf1 Ke7 35. Ke2 f6 36. f3 Kd7 37. g4 Bc7 38. h3 Bf4 39. Kd3 Kd6 40. Ke4 Bd2 1/2-1/2

[Event "Bayern-ch Seniors op 27th"]
[Site "Bergen"]
[Date "2015.06.15"]
[Round "9"]
[White "Schiessl, Werner"]
[Black "Lubberich, Alfred"]
[Result "1-0"]
[WhiteElo "1388"]
[BlackElo "1616"]
[PlyCount "67"]
[EventDate "2015.06.15"]
[EventType "swiss"]
[EventRounds "9"]
[EventCountry "GER"]
[SourceTitle "EXT 2019"]
[Source "ChessBase"]
[SourceDate "2018.10.10"]
[SourceVersion "1"]
[SourceVersionDate "2018.10.10"]
[SourceQuality "1"]

1. e4 c5 2. c3 Nf6 3. e5 Nd5 4. Nf3 d6 5. Bc4 e6 6. d4 Nc6 7. Nbd2 a6 8. Ne4 b5 9. Bd3 cxd4 10. Nfg5 Nxe5 11. cxd4 Nxd3+ 12. Qxd3 h6 13. Nh3 Be7 14. 0-0 0-0 15. Qg3 Bh4 16. Qa3 b4 17. Qb3 f5 18. Ng3 Bf6 19. Nf4 Nxf4 20. Bxf4 a5 21. Rfe1 g5 22. Bd2 d5 23. a4 Qb6 24. Nxf5 Bxd4 25. Nxh6+ Kg7 26. Ng4 Bxf2+ 27. Kh1 Bxe1 28. Rxe1 Rf5 29. Qh3 e5 30. Qg3 Ba6 31. Ne3 Raf8 32. h4 Qg6 33. Nxf5+ Qxf5 34. Rxe5 1-0

[Event "Bad Woerishofen Seniors op 30th"]
[Site "Bad Woerishofen"]
[Date "2014.03.25"]
[Round "5"]
[White "Lubberich, Alfred"]
[Black "Wolfram, Gisbert"]
[Result "1/2-1/2"]
[WhiteElo "1892"]
[BlackElo "1803"]
[PlyCount "161"]
[EventDate "2014.03.21"]
[EventType "swiss"]
[EventRounds "9"]
[EventCountry "GER"]
[SourceTitle "EXT 2019"]
[Source "ChessBase"]
[SourceDate "2018.10.10"]
[SourceVersion "1"]
[SourceVersionDate "2018.10.10"]
[SourceQuality "1"]

1. Nf3 d5 2. d4 Nf6 3. c4 c6 4. e3 e6 5. Nc3 Nbd7 6. Be2 dxc4 7. Bxc4 b5 8. Bd3 Bb7 9. 0-0 a6 10. a3 c5 11. Re1 cxd4 12. exd4 Be7 13. Bf4 0-0 14. Rc1 Rc8 15. Ne5 Nb6 16. Be3 Nbd5 17. Qd2 Qb6 18. Ne4 Nxe4 19. Bxe4 Qd6 20. Qd3 f5 21. Bxd5 Qxd5 22. f3 Rfd8 23. Qd2 Bf6 24. f4 g5 25. Rcd1 gxf4 26. Bxf4 Qb3 27. Nf3 Kf7 28. Qe2 Bd5 29. Ne5+ Bxe5 30. Qh5+ Kg8 31. Bxe5 Rf8 32. Qg5+ Kf7 33. Qh5+ Ke7 34. Qxh7+ Ke8 35. Qg6+ Kd7 36. Qg7+ Kc6 37. Rc1+ Bc4 38. Qe7 Qd3 39. Qc5+ Kb7 40. Qe7+ Ka8 41. Qd6 Kb7 42. Qe7+ Ka8 43. a4 Rg8 44. g3 Qd2 45. Qd6 bxa4 46. Bf4 Qa5 47. Re5 Qd8 48. Qxd8 Rgxd8 49. Rc5 Rxc5 50. dxc5 Rd4 51. c6 Re4 52. c7 Kb7 53. Kf2 Kc8 54. Rd1 Bd5 55. Re1 Rb4 56. Re2 Rb3 57. Ke1 Bc4 58. Re3 Rxe3+ 59. Bxe3 Kxc7 60. h4 e5 61. h5 Bf7 62. h6 Bg6 63. Kd2 Kc6 64. Kc3 Kb5 65. Bg5 Kc5 66. Be3+ Kb5 67. Bg5 Bh7 68. Be3 Bg6 69. Bf2 f4 70. gxf4 exf4 71. Kd4 Kb4 72. Ke5 Kb3 73. Bd4 Kc4 74. Bc3 Bc2 75. Kxf4 Kb3 76. Be5 a5 77. Kg5 a3 78. bxa3 Kxa3 79. Kf6 Kb3 80. Kg7 a4 81. h7 1/2-1/2

[Event "MVP-ch Seniors op 13th"]
[Site "Binz"]
[Date "2013.12.01"]
[Round "5"]
[White "Walther, Reinhard"]
[Black "Lubberich, Alfred"]
[Result "1/2-1/2"]
[WhiteElo "1870"]
[BlackElo "1633"]
[PlyCount "120"]
[EventDate "2013.11.27"]
[EventType "swiss"]
[EventRounds "9"]
[EventCountry "GER"]
[SourceTitle "EXT 2015"]
[Source "ChessBase"]
[SourceDate "2014.11.20"]
[SourceVersion "1"]
[SourceVersionDate "2014.11.20"]
[SourceQuality "1"]

1. d4 Nf6 2. c4 e6 3. Nc3 d5 4. Nf3 c6 5. e3 Be7 6. Bd3 Nbd7 7. 0-0 0-0 8. b3 c5 9. Qc2 cxd4 10. exd4 b6 11. cxd5 exd5 12. Bb2 Bb7 13. Rac1 Rc8 14. Qb1 Bd6 15. Nb5 Bb8 16. Rxc8 Qxc8 17. Rc1 Qd8 18. Ba3 Re8 19. Nd6 Bxd6 20. Bxd6 Ne4 21. Bf4 Ndf6 22. h3 h6 23. Rc7 Re7 24. Rxe7 Qxe7 25. Qc2 Nd6 26. Ne5 a6 27. Be3 g5 28. h4 Nfe8 29. Qe2 f5 30. hxg5 hxg5 31. g3 Ng7 32. f3 Bc8 33. Qd2 g4 34. Bg5 Qe8 35. fxg4 Ne4 36. Qe3 fxg4 37. Bxe4 dxe4 38. Qxe4 Bf5 39. Qd5+ Be6 40. Qd6 Nf5 41. Qxb6 Nxg3 42. Qc7 Ne2+ 43. Kf2 Nxd4 44. Ke3 Nf5+ 45. Kf4 g3 46. Nf3 g2 47. Ng1 Ng7 48. Qd8 Qxd8 49. Bxd8 Kf7 50. Bb6 Nh5+ 51. Ke5 Ke7 52. Bf2 Ng7 53. Ne2 Bc8 54. Nf4 Bb7 55. Nd5+ Kd7 56. Nf4 Ne8 57. b4 Nc7 58. a4 Bc6 59. Nd3 Ne6 60. a5 Bb5 1/2-1/2

[Event "MVP-ch Seniors op 13th"]
[Site "Binz"]
[Date "2013.11.30"]
[Round "4"]
[White "Lubberich, Alfred"]
[Black "Schwenke, Norbert"]
[Result "1-0"]
[WhiteElo "1633"]
[BlackElo "1405"]
[PlyCount "105"]
[EventDate "2013.11.27"]
[EventType "swiss"]
[EventRounds "9"]
[EventCountry "GER"]
[SourceTitle "EXT 2015"]
[Source "ChessBase"]
[SourceDate "2014.11.20"]
[SourceVersion "1"]
[SourceVersionDate "2014.11.20"]
[SourceQuality "1"]

1. Nf3 d5 2. d4 Nf6 3. c4 e6 4. Nc3 Bb4 5. e3 0-0 6. Bd3 Nbd7 7. 0-0 b6 8. cxd5 exd5 9. Bd2 Re8 10. Rc1 Bb7 11. Nb5 Bd6 12. Nxd6 cxd6 13. Bb4 Nf8 14. Qa4 a5 15. Ba3 Bc8 16. Qc6 Bg4 17. Qxd6 Bxf3 18. Qxd8 Raxd8 19. gxf3 Ng6 20. Rc6 Nh4 21. Be2 Re6 22. Rfc1 h6 23. b4 axb4 24. Bxb4 Rde8 25. Kf1 Nh7 26. Rxe6 fxe6 27. Rc6 Ng5 28. f4 Ne4 29. f3 Nf6 30. Rxb6 Kh7 31. Bd3+ Kg8 32. Kf2 Nf5 33. a4 Nd7 34. Rb7 Nf6 35. Bxf5 exf5 36. Bc5 Ra8 37. Ra7 Rb8 38. a5 Rb2+ 39. Kg1 Rb1+ 40. Kg2 Rb2+ 41. Kh3 Rb3 42. Be7 Nh7 43. a6 Rxe3 44. Kg3 Re6 45. Bc5 Rg6+ 46. Kf2 Nf6 47. Ra8+ Kh7 48. a7 Nh5 49. Re8 Nxf4 50. a8Q Rg2+ 51. Kf1 Rxh2 52. Rh8+ Kg6 53. Qe8+ 1-0

[Event "GER-ch Seniors"]
[Site "Dresden"]
[Date "2012.08.15"]
[Round "7"]
[White "Lubberich, Alfred"]
[Black "Schmitthoefer, Herbert"]
[Result "0-1"]
[WhiteElo "1908"]
[BlackElo "1927"]
[PlyCount "57"]
[EventDate "2012.08.09"]
[EventType "swiss"]
[EventRounds "9"]
[EventCountry "GER"]
[SourceTitle "EXT 2014"]
[Source "ChessBase"]
[SourceDate "2013.11.20"]
[SourceVersion "1"]
[SourceVersionDate "2013.11.20"]
[SourceQuality "1"]

1. Nf3 Nf6 2. d4 g6 3. c4 Bg7 4. Nc3 0-0 5. e4 d6 6. Be2 e5 7. dxe5 dxe5 8. Qxd8 Rxd8 9. Bg5 Re8 10. 0-0 c6 11. h3 Na6 12. Be3 Nb4 13. Rac1 a5 14. a3 Na6 15. Bb6 Nb8 16. Nd2 Bh6 17. Rcd1 Nbd7 18. Bc7 Nc5 19. Nf3 Nfxe4 20. Nxe4 Nxe4 21. Bd3 Nxf2 22. Kxf2 e4 23. Bxe4 Rxe4 24. Rd8+ Kg7 25. g4 Be3+ 26. Kg3 Re7 27. Bd6 Rd7 28. Bf8+ Kg8 29. Rd1 0-1

[Event "GER-ch Seniors"]
[Site "Dresden"]
[Date "2012.08.14"]
[Round "6"]
[White "Grunewald, Peter"]
[Black "Lubberich, Alfred"]
[Result "0-1"]
[WhiteElo "2041"]
[BlackElo "1908"]
[PlyCount "121"]
[EventDate "2012.08.09"]
[EventType "swiss"]
[EventRounds "9"]
[EventCountry "GER"]
[SourceTitle "EXT 2014"]
[Source "ChessBase"]
[SourceDate "2013.11.20"]
[SourceVersion "1"]
[SourceVersionDate "2013.11.20"]
[SourceQuality "1"]

1. c4 e6 2. Nc3 Nf6 3. d4 d5 4. Nf3 c6 5. Bg5 Nbd7 6. e3 Qa5 7. Nd2 Bb4 8. Qc2 Bxc3 9. bxc3 Ne4 10. Nxe4 dxe4 11. Bh4 0-0 12. Be2 f5 13. 0-0 Nf6 14. f3 exf3 15. Bxf3 e5 16. Bg3 e4 17. Be2 Be6 18. Rab1 b5 19. Rb4 Qa6 20. d5 Bd7 21. Rd1 c5 22. Rxb5 Bxb5 23. cxb5 Qb7 24. Bc4 Qd7 25. a4 Kh8 26. Qa2 Nh5 27. Bf2 Rfe8 28. Be2 Nf6 29. c4 Ng4 30. Bxg4 fxg4 31. Qb2 Rf8 32. Bg3 Rae8 33. d6 Re6 34. Rd5 Ref6 35. Bf4 Rf5 36. Rxf5 Qxf5 37. Qd2 h6 38. Qe2 Kg8 39. Bg3 g5 40. Qd1 h5 41. Qd5+ Qxd5 42. cxd5 Rf7 43. Be5 Rd7 44. h3 gxh3 45. gxh3 Kf7 46. Kf2 Kg6 47. Ke2 Kf5 48. Bg3 h4 49. Bh2 g4 50. hxg4+ Kxg4 51. Be5 Rf7 52. Bf4 h3 53. Bh2 c4 54. Be5 c3 55. Kd1 Kf3 56. Kc2 Kxe3 57. Kxc3 Kf3 58. Kd2 e3+ 59. Ke1 e2 60. Bh2 Rd7 61. Be5 0-1

[Event "GER-ch Seniors"]
[Site "Dresden"]
[Date "2012.08.09"]
[Round "1"]
[White "Lubberich, Alfred"]
[Black "Gottschalk, Jens"]
[Result "1/2-1/2"]
[WhiteElo "1908"]
[BlackElo "1636"]
[PlyCount "47"]
[EventDate "2012.08.09"]
[EventType "swiss"]
[EventRounds "9"]
[EventCountry "GER"]
[SourceTitle "EXT 2014"]
[Source "ChessBase"]
[SourceDate "2013.11.20"]
[SourceVersion "1"]
[SourceVersionDate "2013.11.20"]
[SourceQuality "1"]

1. Nf3 Nf6 2. d4 d5 3. c4 c6 4. Nc3 Bf5 5. Bf4 Nbd7 6. e3 e6 7. Bd3 Bg6 8. Rc1 Qb6 9. b3 Bb4 10. 0-0 Bxc3 11. Rxc3 Bh5 12. c5 Qa5 13. Rc2 Ne4 14. Qe1 Qd8 15. Ne5 Bg6 16. f3 Nef6 17. Nxg6 hxg6 18. e4 dxe4 19. fxe4 Nxc5 20. Qc3 Ncxe4 21. Qb4 Qb6 22. Qxb6 axb6 23. Re1 Rd8 24. Bxe4 1/2-1/2

[Event "Bad Woerishofen Seniors op 28th"]
[Site "Bad Woerishofen"]
[Date "2012.03.06"]
[Round "5.39"]
[White "Lubberich, Alfred"]
[Black "Samarian, Cornel"]
[Result "1-0"]
[WhiteElo "1614"]
[BlackElo "1560"]
[PlyCount "41"]
[EventDate "2012.03.02"]
[EventType "swiss"]
[EventRounds "9"]
[EventCountry "GER"]
[SourceTitle "EXT 2022"]
[Source "ChessBase"]
[SourceDate "2021.10.06"]
[SourceVersion "1"]
[SourceVersionDate "2021.10.06"]
[SourceQuality "1"]

1. Nf3 d5 2. d4 e6 3. c4 c6 4. a4 dxc4 5. Nc3 Nf6 6. e3 Be7 7. Bxc4 0-0 8. 0-0 h6 9. e4 Nh7 10. Bf4 Nd7 11. d5 cxd5 12. exd5 Nb6 13. Bb3 Nxd5 14. Nxd5 exd5 15. Bxd5 Nf6 16. Bc4 a6 17. Rc1 Bd7 18. Qb3 Be8 19. Rfd1 Qc8 20. Ne5 Kh7 21. Bd3+ 1-0

[Event "Bad Woerishofen Seniors op 28th"]
[Site "Bad Woerishofen"]
[Date "2012.03.02"]
[Round "1.2"]
[White "Lubberich, Alfred"]
[Black "Bhend, Edwin"]
[Result "0-1"]
[WhiteElo "1614"]
[BlackElo "2257"]
[PlyCount "80"]
[EventDate "2012.03.02"]
[EventType "swiss"]
[EventRounds "9"]
[EventCountry "GER"]
[SourceTitle "EXT 2022"]
[Source "ChessBase"]
[SourceDate "2021.10.06"]
[SourceVersion "1"]
[SourceVersionDate "2021.10.06"]
[SourceQuality "1"]

1. Nf3 d5 2. d4 e6 3. c4 c6 4. Nc3 dxc4 5. a4 Nf6 6. e3 Nbd7 7. Bxc4 Bd6 8. 0-0 0-0 9. e4 e5 10. Be3 Qe7 11. Qc2 exd4 12. Bxd4 Ng4 13. h3 Nge5 14. Be2 Nxf3+ 15. Bxf3 Ne5 16. Be2 Ng6 17. Be3 Nf4 18. Bg4 Bxg4 19. hxg4 Ng6 20. f4 Rad8 21. Qf2 Bb4 22. e5 Rd3 23. Rad1 Rxe3 24. Qxe3 Bc5 25. Rd4 f6 26. e6 Re8 27. f5 Ne5 28. Qe4 Rd8 29. Rfd1 Rxd4 30. Rxd4 Qd6 31. Ne2 Kf8 32. Kf1 Bxd4 33. Nxd4 Qb4 34. Qe3 Nxg4 35. e7+ Ke8 36. Qe6 Qxd4 37. Qc8+ Kxe7 38. Qxb7+ Kd6 39. Qb8+ Kd5 40. Qg8+ Ke4 0-1

[Event "Bad Woerishofen Seniors opA 22th"]
[Site "Bad Woerishofen"]
[Date "2006.03.22"]
[Round "6"]
[White "Lubberich, Alfred"]
[Black "Borger, Martin"]
[Result "1-0"]
[WhiteElo "1638"]
[BlackElo "1715"]
[PlyCount "57"]
[EventDate "2006.03.17"]
[EventType "swiss"]
[EventRounds "9"]
[EventCountry "GER"]
[SourceTitle "EXT 2022"]
[Source "ChessBase"]
[SourceDate "2021.10.06"]
[SourceVersion "1"]
[SourceVersionDate "2021.10.06"]
[SourceQuality "1"]

1. d4 d5 2. c4 e6 3. Nc3 c6 4. cxd5 exd5 5. Nf3 Nf6 6. Bg5 Be7 7. e3 0-0 8. Qc2 h6 9. Bh4 Re8 10. h3 Nbd7 11. Bd3 Nf8 12. 0-0 N6h7 13. Bxe7 Qxe7 14. e4 dxe4 15. Nxe4 Nf6 16. Rfe1 Nxe4 17. Rxe4 Be6 18. Rae1 Qd7 19. Ne5 Qd6 20. b3 Rad8 21. Bc4 b5 22. Bxe6 Rxe6 23. Qc5 Qxc5 24. dxc5 Rd2 25. a4 a6 26. axb5 axb5 27. Nf3 Rxe4 28. Rxe4 Ne6 29. Nxd2 1-0

[Event "Bad Woerishofen Seniors opA 22th"]
[Site "Bad Woerishofen"]
[Date "2006.03.21"]
[Round "5"]
[White "Dallmeier, Gerhard"]
[Black "Lubberich, Alfred"]
[Result "1/2-1/2"]
[WhiteElo "1651"]
[BlackElo "1638"]
[PlyCount "81"]
[EventDate "2006.03.17"]
[EventType "swiss"]
[EventRounds "9"]
[EventCountry "GER"]
[SourceTitle "EXT 2022"]
[Source "ChessBase"]
[SourceDate "2021.10.06"]
[SourceVersion "1"]
[SourceVersionDate "2021.10.06"]
[SourceQuality "1"]

1. e4 c5 2. Nf3 e6 3. d4 cxd4 4. Nxd4 Nf6 5. Nc3 Nc6 6. Be3 Bb4 7. f3 0-0 8. Qd2 d5 9. Nxc6 bxc6 10. e5 Nd7 11. a3 Bxc3 12. Qxc3 c5 13. Bxc5 Nxc5 14. Qxc5 Qg5 15. Qd4 Bd7 16. f4 Qg4 17. Qf2 f6 18. Be2 Qg6 19. Bd3 Qh6 20. exf6 Qxf6 21. 0-0 Qxb2 22. Qh4 Qd4+ 23. Kh1 h6 24. Rae1 Rf6 25. Rb1 Raf8 26. Rb4 Qe3 27. Qg4 Bc8 28. h3 e5 29. Qd1 e4 30. Be2 Be6 31. Rb3 Qc5 32. Qd2 Qd6 33. Rb7 Qxa3 34. Qd4 Qg3 35. Rb3 Qh4 36. Qe5 Bf7 37. f5 Re8 38. Rb8 Rxb8 39. Qxb8+ Kh7 40. Qxa7 Qg3 41. Qd4 1/2-1/2

[Event "Bad Woerishofen Seniors op 21st"]
[Site "Bad Woerishofen"]
[Date "2005.03.06"]
[Round "4"]
[White "Lubberich, Alfred"]
[Black "Richter, Gerhard"]
[Result "0-1"]
[WhiteElo "1667"]
[BlackElo "1757"]
[PlyCount "64"]
[EventDate "2005.03.03"]
[EventType "swiss"]
[EventRounds "9"]
[EventCountry "GER"]
[SourceTitle "EXT 2006"]
[Source "ChessBase"]
[SourceDate "2005.11.24"]
[SourceVersion "1"]
[SourceVersionDate "2005.11.24"]
[SourceQuality "1"]

1. d4 f5 2. c4 Nf6 3. Nc3 d6 4. Nf3 g6 5. Bf4 Bg7 6. e3 0-0 7. Be2 Nh5 8. 0-0 c6 9. Re1 Qe8 10. d5 c5 11. Ng5 Nxf4 12. exf4 Na6 13. Ne6 Bxe6 14. dxe6 Nc7 15. Bf3 Rb8 16. Rb1 b5 17. Qd3 bxc4 18. Qd2 Kh8 19. Nd5 Nxd5 20. Bxd5 Qa4 21. b3 cxb3 22. Bxb3 Qb4 23. Qc2 Qxf4 24. g3 Qb4 25. Bd5 Qa5 26. a4 Qc3 27. Qa2 Rb2 28. Re3 Rxa2 29. Rxc3 Rxa4 30. Rcb3 Bf6 31. Rb8 Rxb8 32. Rxb8+ Kg7 0-1